000 00619nam a2200265Ia 4500
005 20260121170939.0
008 008 260114s9999 xx 000 0 eng d
020 _a9781484236765
037 _aEBOOK
040 _aCRL
040 _beng
040 _cCRL
041 _2eng
041 _aeng
084 _qCRL
100 _aFelipe Gutierrez
_91070146
245 0 _aPro Spring Boot 2
260 _bSpringer
260 _bSpringer
260 _c2019
856 _uhttps://link.springer.com/openurl?genre=book&isbn=978-1-4842-3676-5
942 _cEBOOK
999 _c1635876
_d1635876